Score 0/19 Timer 01:30
0 Plays Today
Hint Answer % Correct
In what year did Prince Harry and Meghan Markle get married? 2018
90.1%
What sport do they play in Remember the Titans? American Football
72.6%
Bucharest is the capital of what country?Romania
63.1%
Which of these counties is the biggest - Wicklow, Offaly, Cavan?Wicklow
60.8%
What colour is Sonic The Hedgehog?Blue
60.5%
What country was IKEA founded in?Sweden
48.1%
What is the name of the dog in Family Guy?Brian
43.2%
What musical do the songs 'I Dreamed a Dream' and 'One Day More' appear in?Les Misérables
41.1%
What is a female deer called?Doe
37.9%
What age is Hillary Clinton?72
37.4%
Hint Answer % Correct
What is the largest ocean in the world? Pacific
34.2%
What sports star's real first name is Eldrick?Tiger Woods
30.6%
What does AIB stand for?Allied Irish Banks
29.9%
Jim Parsons played what lovable nerd in The Big Bang Theory?Sheldon Cooper
24.1%
Who is the Real Madrid manager?Zinedine Zidane
18%
Who voiced Darth Vader in Star Wars?James Earl Jones
17.4%
Who was sacked as Minister for Agriculture after just 17 days?Barry Cowen
17.1%
Who killed John Lennon? Mark Chapman
8.7%
Where does David Brent work in The Office? Wernham Hogg
1%
Remove Ads.
Support Sporcle.
Get the best of Sporcle when you Go Orange. This ad-free experience offers more features, more stats, and more fun while also helping to support Sporcle. Thank you for becoming a member.

You're not logged in!

Compare scores with friends on all Sporcle quizzes.
OR
Log In

Sporcle TV

Today on Sporcle TV


Watch our educational content, quiz creation guides, and fun videos on Sporcle TV.

Show Comments

Extras

Created Jul 15, 2020ReportNominate
Tags:Ace, joe

Top Quizzes Today


Score Distribution

Paid Content

Your Account Isn't Verified!

In order to create a playlist on Sporcle, you need to verify the email address you used during registration. Go to your Sporcle Settings to finish the process.

Report this User

Report this user for behavior that violates our Community Guidelines.

Details: